000 00729cam a2200241ua 4500
001 000019344
005 20200929170005.0
008 840411s1967 ag 001 0bspa d
010 _a 54041440
035 _a(DLC) 54041440
040 _aDO-SdBNP
_bBNPHU
_cCarP
_dDLC
090 _a921.4
_bS251Q
100 1 _aQuiles, Ismael,
_d1906-1993
_941578
245 1 0 _aSartre y su existencialismo /
_cIsmael Quiller, S.I.
250 _a3a ed.
260 _aMadrid :
_bEspasa-Calpe,
_c1967.
300 _a163 p. ;
_c18 cm.
600 1 4 _aSARTRE, JEAN-PAUL,
_d1905-1980.
_913414
650 4 _aExistencialismo en la literatura
_920723
650 4 _aLiteratura francesa
_91074
910 _aCatalogación derivada / LC
049 _aBNGR
999 _c18861
_d18861